000 00565nam a2200157 a 4500
001 000032957
005 20240301192839.0
008 110804d1902 dr 000 0 spa d
040 _aDO-SdBNP
_bspa
_cBNPHU
082 _axxx
_bG277s
100 1 _aGautreau, Eduardo
_958700
245 1 0 _aSin telescopio :
_bUrano, las trombas marinas &a /
_cEduardo Gautreau ; prólogo de Manuel de Jesús Galván.
260 _aSanto Domingo :
_bTip. Nacional,
_c1902.
300 _a32 p. ;
_c21 cm.
700 1 _aGalván, Manuel de J.
_q(Manuel de Jesús)
_d1834-1910
_epról.
_928507
999 _c32448
_d32448